[Event "Bratto op"]
[Site "Bratto"]
[Date "1998.??.??"]
[Round "?"]
[White "Eynard, Valdo"]
[Black "Piva, Giorgio"]
[Result "1/2-1/2"]
[WhiteElo "2085"]
[BlackElo "2165"]

1.e4 c5 2.Nf3 d6 3.Bb5+ Bd7 4.Bxd7+ Nxd7 5.c4 Ngf6 6.Nc3 g6 7.O-O Bg7 8.d3 O-O
9.Ng5 Ne5 10.f4 Nc6 11.f5 Qd7 12.Be3 Ne5 13.h3 b6 14.g4 h6 15.Nf3 g5 16.Qe2 Rac8
17.Rad1 Qb7 18.Nxe5 dxe5 19.Bf2 Nd7 20.Bg3 f6 21.Qh2 Kf7 22.h4 Rh8 23.h5 Nb8
24.Nd5 Nc6 25.Bf2 e6 26.fxe6+ Kxe6 27.Be3 Ne7 28.Qf2 Rhf8 29.Bd2 Qd7 30.Bc3 Nxd5
31.exd5+ Kd6 32.Qf5 Qxf5 33.Rxf5 Rfe8 34.Re1 Rb8 35.b3 b5 36.Kg2 b4 37.Ba1 a5
38.Kf3 Re7 39.Ke4 a4 40.Rf2 a3 41.Ref1 Rf8 42.Kf5 Rg8 43.Re2 Bh8 44.Rfe1 Rgg7
45.Re4 Kd7 46.R1e2 Kd6  1/2-1/2

[Event "Bratto op"]
[Site "Bratto"]
[Date "1998.??.??"]
[Round "?"]
[White "Rossi, Carlo"]
[Black "Pagnoncelli, Marco"]
[Result "1-0"]
[WhiteElo "2330"]
[BlackElo "2125"]

1.e4 c5 2.Nf3 d6 3.Bb5+ Bd7 4.a4 Nc6 5.O-O Nf6 6.Re1 e5 7.c3 g6 8.d4 Qc7
9.dxc5 dxc5 10.Na3 Bg7 11.Nc4 O-O 12.Qd6 Qxd6 13.Nxd6 a6 14.Bf1 Rab8 15.a5 Ne8
16.Nc4 Nc7 17.Be3 Ne6 18.Nfd2 Rfd8 19.Nb3 Bf8 20.Red1 Be8 21.Rd5 f5 22.f3 fxe4
23.fxe4 Bf7 24.Rad1 Be7 25.Rxd8+ Rxd8 26.Rd5 Kg7 27.g3 Ng5 28.Rxd8 Bxd8 29.Nxc5 Bxc4
30.Bxc4 Nxa5 31.Bd5 Bb6 32.Ne6+ Nxe6 33.Bxb6  1-0

[Event "Bratto op"]
[Site "Bratto"]
[Date "1998.??.??"]
[Round "?"]
[White "Eynard, Valdo"]
[Black "Zoldan, Matteo"]
[Result "1/2-1/2"]
[WhiteElo "2085"]
[BlackElo "2100"]

1.e4 c5 2.Nf3 d6 3.Bb5+ Nc6 4.O-O Bd7 5.Re1 Nf6 6.Nc3 e5 7.Nd5 Nxd5 8.exd5 Nb4
9.Bxd7+ Qxd7 10.c4 Nd3 11.Re3 Nf4 12.d4 cxd4 13.Nxe5 dxe5 14.Rxe5+ Ne6 15.dxe6 fxe6
16.Qg4 O-O-O 17.Bg5 Be7 18.Bxe7 Qxe7 19.Rxe6 Qd7 20.Re4 Qxg4 21.Rxg4 Rhe8
22.Kf1 d3 23.Re1 d2 24.Rd1 Re7 25.Rg3 Rde8 26.Re3 Rxe3 27.fxe3 Rxe3 28.Rxd2 Re4
29.b3 Kc7 30.g3 Kc6 31.Re2 Rd4 32.Ke1 Rd7 33.Re5 Rf7 34.Kd2 Rf3 35.Re3 Rf2+
36.Re2 Rf3  1/2-1/2

[Event "Wch-09 blind "]
[Site "Brno"]
[Date "1998.??.??"]
[Round "6"]
[White "Muri, Emil"]
[Black "Jounousov, Mouret"]
[Result "0-1"]
[WhiteElo "2080"]
[BlackElo "2425"]

1.e4 c5 2.Nf3 d6 3.Bb5+ Nd7 4.d4 a6 5.Bxd7+ Qxd7 6.Nc3 e6 7.Bg5 Ne7 8.dxc5 dxc5
9.Qxd7+ Bxd7 10.O-O-O f6 11.Be3 Ng6 12.h3 b5 13.Rhe1 Bc6 14.Nd2 Nh4 15.Rg1 g5
16.g3 Ng6 17.f4 gxf4 18.gxf4 Bh6 19.Ne2 Kf7 20.Rg3 Bf8 21.Rf1 Be7 22.f5 exf5
23.Rxf5 Bd7 24.Rf1 Rac8 25.Nf3 Bd6 26.Rgg1 Ke7 27.h4 Rhg8 28.h5 Ne5 29.Nxe5 Rxg1
30.Rxg1 Bxe5 31.Rg7+ Kd6 32.Bf4 Bc6 33.Bxe5+ Kxe5 34.Rxh7 Kxe4 35.h6 Kf3
36.Re7 Be4 37.Ng1+ Ke3 38.Nh3 Rh8 39.Nf2 Kxf2 40.Rxe4 Rxh6 41.Re6 Rh1+ 42.Kd2 f5
43.Rxa6 f4 44.Rf6 f3 45.a3 Rh5 46.c4 bxc4 47.a4 Kg2 48.a5 f2 49.Rg6+ Kf1
50.Rf6 Rg5 51.a6 Kg1 52.a7 Rg8 53.Kc3 f1=Q 54.Rxf1+ Kxf1 55.Kxc4 Rc8 56.b3 Ke2
57.a8=Q Rxa8 58.Kxc5 Rc8+ 59.Kb5 Kd3 60.b4 Kc3  0-1

[Event "Bucharest Cup IM"]
[Site "Bucharest"]
[Date "1998.??.??"]
[Round "?"]
[White "Jevtic, Miodrag"]
[Black "Jianu, Vlad"]
[Result "1-0"]
[WhiteElo "2350"]
[BlackElo "2225"]

1.e4 c5 2.Nf3 d6 3.Bb5+ Bd7 4.Bxd7+ Qxd7 5.O-O Nf6 6.e5 dxe5 7.Nxe5 Qc7 8.Qe2 e6
9.Nc3 a6 10.d3 Bd6 11.f4 O-O 12.Ne4 Be7 13.a4 b6 14.Nc4 Nc6 15.c3 b5 16.axb5 axb5
17.Rxa8 Rxa8 18.Nxf6+ Bxf6 19.Nd2 Qd7 20.Ne4 Be7 21.Be3 Qd5 22.Qc2 Rd8 23.Nf2 h5
24.Ra1 e5 25.f5 b4 26.Qe2 Qb3 27.Ne4 Qd5 28.Qxh5 Qxd3 29.Qf3 c4 30.Rf1 f6
31.h3 bxc3 32.bxc3 Rb8 33.Kh2 Bf8 34.Rd1 Qc2 35.Rd7 Ne7 36.Bc5 Qa4 37.Rxe7 Bxe7
38.Bxe7 Qd7 39.Bxf6 Rf8 40.Qg4  1-0

[Event "Bucharest Cup IM"]
[Site "Bucharest"]
[Date "1998.??.??"]
[Round "?"]
[White "Glodeanu, Ion"]
[Black "Grigore, Nicolae Petre"]
[Result "1/2-1/2"]
[WhiteElo "2355"]
[BlackElo "2265"]

1.e4 c5 2.Nf3 d6 3.Bb5+ Bd7 4.Bxd7+ Qxd7 5.O-O Nc6 6.d4 cxd4 7.Nxd4 Nf6 8.f3 g6
9.c4 Bg7 10.Be3 O-O 11.Nc3  1/2-1/2

[Event "Bucharest Fest GM"]
[Site "Bucharest"]
[Date "1998.??.??"]
[Round "?"]
[White "Itkis, Boris"]
[Black "Moldovan, Daniel"]
[Result "1-0"]
[WhiteElo "2465"]
[BlackElo "2455"]

1.e4 c5 2.Nf3 d6 3.Bb5+ Nd7 4.O-O Nf6 5.Re1 g6 6.c3 Bg7 7.d4 O-O 8.h3 a6
9.Bf1 e5 10.dxe5 dxe5 11.c4 Ne8 12.Nc3 Nc7 13.Bg5 f6 14.Be3 Ne6 15.Qd5 Qe7
16.Rad1 Qf7 17.b4 cxb4 18.Na4 Nf4 19.Qd2 a5 20.c5 g5 21.Bb5 Nb8 22.Nb6 Ra7
23.Bxf4 gxf4 24.Qe2 Be6 25.Rd2 Kh8 26.Red1 Nc6 27.Bc4 Bxc4 28.Nxc4 Rg8 29.Rd7 Qg6
30.Nd6 Rf8 31.Nh4 Qg5 32.Nhf5 b5 33.h4 Qg6 34.Rxa7 Nxa7 35.Ne7 Qh6 36.Ndf5 f3
37.Qxf3 Qf4 38.Qh5  1-0

[Event "Bucharest Fest GM"]
[Site "Bucharest"]
[Date "1998.??.??"]
[Round "?"]
[White "Itkis, Boris"]
[Black "Dumitrescu, Dragos"]
[Result "1/2-1/2"]
[WhiteElo "2465"]
[BlackElo "2405"]

1.e4 c5 2.Nf3 d6 3.Bb5+ Bd7 4.Bxd7+ Qxd7 5.c4 Nc6 6.Nc3 g6 7.d4 cxd4 8.Nxd4 Bg7
9.Nde2 Nf6 10.O-O O-O 11.f3 Rfd8 12.Bg5 h6 13.Be3 e6 14.Qc1 Kh7 15.Rd1 Qe7
16.Bf2 d5 17.exd5 exd5 18.c5 d4 19.Nxd4 Nxd4 20.Rxd4 Rxd4 21.Bxd4 Ng4 22.Nb5 Bxd4+
23.Nxd4 Qe5 24.fxg4 Qxd4+ 25.Kh1 Rc8  1/2-1/2

[Event "Bucharest Fest IM"]
[Site "Bucharest"]
[Date "1998.??.??"]
[Round "?"]
[White "Glodeanu, Ion"]
[Black "Vajda, Szidonia"]
[Result "1-0"]
[WhiteElo "2355"]
[BlackElo "2270"]

1.e4 c5 2.Nf3 d6 3.Bb5+ Nd7 4.d4 Nf6 5.Nc3 cxd4 6.Qxd4 e5 7.Qd3 h6 8.Be3 a6
9.Bc4 Nb6 10.Bb3 Qc7 11.Nd2 Be6 12.Bxb6 Qxb6 13.Ba4+ Nd7 14.Nd5 Qa5 15.Bxd7+ Bxd7
16.O-O Rc8 17.Nc4 Qc5 18.Ncb6 Bb5 19.c4 Bxc4 20.Qh3 Rd8 21.Rac1 Bxd5 22.Nxd5 Qd4
23.Nc7+ Ke7 24.Nd5+ Ke8 25.Qf5 Qa4 26.Rc7  1-0

[Event "Bucharest Fest GM (Women)"]
[Site "Bucharest"]
[Date "1998.??.??"]
[Round "?"]
[White "Ionescu Brandis, Irina"]
[Black "Sasu Ducsoara, Andrea"]
[Result "1-0"]
[WhiteElo "2345"]
[BlackElo "2185"]

1.e4 c5 2.Nf3 d6 3.Bb5+ Bd7 4.Bxd7+ Qxd7 5.c4 Nc6 6.Nc3 g6 7.d4 cxd4 8.Nxd4 Bg7
9.Nde2 Nf6 10.O-O O-O 11.f3 a6 12.a4 Rfc8 13.Kh1 Qd8 14.Rb1 Na7 15.Be3 Rxc4
16.e5 Ne8 17.Qb3 b5 18.axb5 d5 19.Rfd1 Nxb5 20.Nxd5  1-0

[Event "Bucharest Fest IM"]
[Site "Bucharest"]
[Date "1998.??.??"]
[Round "?"]
[White "Glodeanu, Ion"]
[Black "Burnoiu, Costel"]
[Result "1/2-1/2"]
[WhiteElo "2355"]
[BlackElo "2230"]

1.e4 c5 2.Nf3 d6 3.Bb5+ Nc6 4.O-O Bd7 5.Re1 Nf6 6.c3 a6 7.Bf1 Bg4 8.d3 e6
9.Nbd2 Be7 10.h3 Bh5 11.a3 Qc7 12.b4 O-O 13.Bb2  1/2-1/2

[Event "Bucharest Fest IM"]
[Site "Bucharest"]
[Date "1998.??.??"]
[Round "?"]
[White "Babici, Roman"]
[Black "Vajda, Szidonia"]
[Result "1/2-1/2"]
[WhiteElo "2260"]
[BlackElo "2270"]

1.e4 c5 2.Nf3 d6 3.Bb5+ Nd7 4.d4 Nf6 5.O-O cxd4 6.Qxd4 a6 7.Bxd7+ Bxd7 8.Bg5 Bc6
9.Re1 e6 10.Bxf6 Qxf6 11.Qxf6 gxf6 12.c4 Rc8 13.Nc3 Bd7 14.Nd2 Bh6 15.Rad1 Bxd2
16.Rxd2 Rxc4 17.Rxd6 Ke7 18.Red1 Rc7 19.f3 Bc6 20.Kf2 Rd7 21.Rxd7+ Bxd7 22.Ke3 Rc8
23.Rc1 Bc6 24.Ne2 Rg8 25.g3 e5 26.Nc3 h5 27.Rd1 Ke6 28.Nd5 Bxd5 29.Rxd5 f5
30.Rc5  1/2-1/2

[Event "Primavara"]
[Site "Bucharest"]
[Date "1998.??.??"]
[Round "1"]
[White "Miroshnichenko, Evgenij"]
[Black "Vasiesiu, Dan"]
[Result "1-0"]
[WhiteElo "2455"]
[BlackElo "2420"]

1.e4 c5 2.Nf3 d6 3.Bb5+ Nd7 4.c3 Nf6 5.Qe2 a6 6.Ba4 e5 7.d4 Qc7 8.O-O Be7
9.dxe5 dxe5 10.c4 O-O 11.Nc3 Nb6 12.Bc2 Bg4 13.b3 Nbd7 14.h3 Be6 15.Nh4 Rfe8
16.Nf5 Bxf5 17.exf5 e4 18.Bb2 Qe5 19.Rad1 Bd6 20.g3 Rad8 21.Bxe4 Bb8 22.f4 Qd4+
23.Rxd4 cxd4 24.Nd5 Nxe4 25.Qd3 Ba7 26.Kg2 Nc3 27.Bxc3 dxc3 28.Qxc3 Re2+
29.Kf3 Rde8 30.f6 gxf6 31.Kg4 Kg7 32.Kf5 R8e6 33.b4 Be3 34.Rd1 Bf2 35.Qf3 Nf8
36.Qc3 Ng6 37.Rd2 Be1 38.Rxe2 Bxc3 39.Nxc3 Rd6 40.Ke4 f5+ 41.Ke3 Re6+ 42.Kf2  1-0

[Event "Primavara (Women)"]
[Site "Bucharest"]
[Date "1998.??.??"]
[Round "1"]
[White "Ionescu Brandis, Irina"]
[Black "Petrenko, Svetlana"]
[Result "1-0"]
[WhiteElo "2330"]
[BlackElo "2275"]

1.e4 c5 2.Nf3 d6 3.Bb5+ Nd7 4.d4 a6 5.Bxd7+ Bxd7 6.Nc3 Bg4 7.Be3 e6 8.h3 Bh5
9.Qd2 Nf6 10.O-O-O b5 11.dxc5 dxc5 12.Qxd8+ Rxd8 13.Rxd8+ Kxd8 14.Rd1+ Kc8
15.g4 Bg6 16.Ne5 Ne8 17.Nd7 c4 18.a4 b4 19.Ne2 Bxe4 20.Nb6+ Kc7 21.Rd7+ Kc6
22.Rxf7 Bc5 23.Bxc5 Kxc5 24.Nd7+ Kd6 25.Nb8 a5 26.Rd7+ Kc5 27.Nd4 Bd5 28.Nb5 Nf6
29.Na6+ Kc6 30.Rd6+ Kb7 31.Nc5+ Kb8 32.Rb6+ Kc8 33.Ra6 Ne4 34.Nxe4  1-0

[Event "Primavara"]
[Site "Bucharest"]
[Date "1998.??.??"]
[Round "2"]
[White "Miroshnichenko, Evgenij"]
[Black "Marianovici, S."]
[Result "0-1"]
[WhiteElo "2455"]
[BlackElo "2420"]

1.e4 c5 2.Nf3 d6 3.Bb5+ Bd7 4.Bxd7+ Qxd7 5.c4 Nc6 6.d4 cxd4 7.Nxd4 Nf6 8.Nc3 Qg4
9.O-O Qxd1 10.Rxd1 Nxd4 11.Rxd4 Rc8 12.b3 g6 13.Bb2 Bg7 14.Rd2 Nd7 15.f3 Bxc3
16.Bxc3 f6 17.a4 Nc5 18.Rb1 Rc6 19.Kf1 Kf7 20.Ke2 g5 21.Ke3 h5 22.Bd4 h4
23.a5 a6 24.Rdd1 Rb8 25.Kd2 b5 26.axb6 Rcxb6 27.Bxc5 dxc5 28.Kc2 a5 29.g3 h3
30.Rb2 a4 31.Rdb1 a3 32.Ra2 Rd8 33.Rf1 Rbd6 34.Rf2 Rd3 35.Rxa3 Re3 36.Ra5 Rdd3
37.Rxc5 Rc3+ 38.Kd2 Rxb3 39.f4 g4 40.e5 Red3+ 41.Ke2 Rdc3 42.Rb5 Rc2+ 43.Kf1 Rc1+
44.Ke2 Rbc3 45.Rb2 Rxc4 46.exf6 exf6 47.Kd3 R1c3+ 48.Kd2 Ke6 49.Re2+ Kf5
50.Rb5+ Kg6 51.Re6 Rc2+ 52.Kd3 R4c3+ 53.Kd4 Rc7 54.Reb6 Rd7+ 55.Ke3 Re7+
56.Kd3 Rxh2 57.Rg5+ Kf7 58.Rxg4 Rh1 59.Rh4 h2 60.Rh7+ Kg6 61.Rxe7 Rd1+  0-1

[Event "Primavara"]
[Site "Bucharest"]
[Date "1998.??.??"]
[Round "7"]
[White "Svetushkin, Dmitry"]
[Black "Lupu, Mircea Sergiu"]
[Result "0-1"]
[WhiteElo "2415"]
[BlackElo "2505"]

1.e4 c5 2.Nf3 d6 3.Bb5+ Nc6 4.O-O e6 5.Re1 Ne7 6.c3 a6 7.Bf1 Ng6 8.d4 Be7
9.dxc5 dxc5 10.Qxd8+ Bxd8 11.Nbd2 Bc7 12.a4 b6 13.Nb3 a5 14.Nbd2 Bb7 15.Nc4 O-O-O
16.Nfd2 Nce5 17.f3 Nd3 18.Bxd3 Rxd3 19.Na3 Ne5 20.Nb5 Rhd8 21.Nf1 Nc4 22.e5 Rd1
23.Bg5 Rxa1 24.Rxa1 Rd3 25.b3 Nxe5 26.Nxc7 Kxc7 27.Bf4 f6 28.Re1 c4 29.bxc4 Bc6
30.c5 bxc5 31.Nd2 g5 32.Bxe5+ fxe5 33.Nc4 Rxc3 34.Nxe5 Bd5 35.Nf7 g4 36.Ng5 gxf3
37.Nxe6+ Bxe6 38.Rxe6 fxg2 39.Kxg2 Rc4 40.Rh6 Rxa4 41.Kf3 Rd4 42.Ke3  0-1

[Event "Ciocaltea mem"]
[Site "Bucharest"]
[Date "1998.??.??"]
[Round "7"]
[White "Iordachescu, Viorel"]
[Black "Milu, Romeo Sorin"]
[Result "1-0"]
[WhiteElo "2520"]
[BlackElo "2395"]

1.e4 c5 2.Nf3 d6 3.Bb5+ Bd7 4.Bxd7+ Qxd7 5.O-O Nf6 6.Qe2 e6 7.b3 Nc6 8.Bb2 Be7
9.c4 O-O 10.Nc3 Ne8 11.Na4 Bf6 12.e5 Nxe5 13.Nxe5 Bxe5 14.Bxe5 dxe5 15.Nxc5 Qd6
16.Ne4 Qc7 17.Rfe1 f6 18.Rad1 Rd8 19.Qe3 b6 20.d4 exd4 21.Rxd4 Rxd4 22.Qxd4 e5
23.Qe3 Qd8 24.c5 bxc5 25.Qxc5 Rf7 26.h3 Rc7 27.Qe3 Qd5 28.Qf3 Qa5 29.Rd1 Re7
30.Qe2 Qc7 31.Qb5 g6 32.Qd5+ Kg7 33.b4 Qb7 34.Qc4 Nc7 35.Nc5 Qb5 36.Qb3 Qe8
37.Rd6 Nb5 38.Ne6+ Kh8 39.Rd8  1-0

[Event "Ciocaltea mem"]
[Site "Bucharest"]
[Date "1998.??.??"]
[Round "9"]
[White "Yegiazarian, Arsen"]
[Black "Nevednichy, Vladislav"]
[Result "0-1"]
[WhiteElo "2455"]
[BlackElo "2550"]

1.e4 c5 2.Nf3 d6 3.Bb5+ Nd7 4.d4 cxd4 5.Qxd4 a6 6.Bxd7+ Bxd7 7.Nc3 e5 8.Qd3 h6
9.Nd2 Nf6 10.Nc4 Be6 11.Ne3 Rc8 12.O-O Be7 13.Bd2 O-O 14.Rac1 Qb6 15.Rfd1 Rfd8
16.b3 Qd4 17.Be1 Qxd3 18.Rxd3 b5 19.f3 g6 20.a4 Rb8 21.axb5 axb5 22.Rcd1 Rdc8
23.Na2 Nd7 24.Nb4 Nc5 25.R3d2 f5 26.Ned5 Bf8 27.Bf2 Rb7 28.Ra1 fxe4 29.Nf6+ Kg7
30.Nxe4 Nxe4 31.fxe4 g5 32.h3 h5 33.Ra6 Bf7 34.Re2 Be7 35.Be1 Bf8 36.Bd2 Be7
37.Bc1 g4 38.hxg4 hxg4 39.Ba3 Rbc7 40.Bb2 Rb7 41.Nd5 Bxd5 42.exd5 Rc5 43.Re4 Rxc2
44.Rxg4+ Kf7 45.Ba3 Ra2 46.b4 Rd2 47.Ra8 Rxd5 48.Rh8 Rd3 49.Bb2 Rc7 50.Rh7+ Kf6
51.Rf4+ Ke6 52.Rf2 Rc4 53.Rh6+ Kd5 54.Rh7 Bg5 55.Re2 Rxb4 56.Rc2 Rd2  0-1

[Event "Primavara"]
[Site "Bucharest"]
[Date "1998.??.??"]
[Round "10"]
[White "Miroshnichenko, Evgenij"]
[Black "Vajda, Levente"]
[Result "0-1"]
[WhiteElo "2455"]
[BlackElo "2440"]

1.e4 c5 2.Nf3 d6 3.Bb5+ Bd7 4.Bxd7+ Qxd7 5.c4 e5 6.d3 Ne7 7.O-O g6 8.Bg5 Bg7
9.Bxe7 Qxe7 10.Nc3 O-O 11.a3 Nc6 12.b4 f5 13.Nd5 Qd7 14.Rb1 fxe4 15.dxe4 Nd4
16.Nxd4 exd4 17.bxc5 dxc5 18.Rb5 Rae8 19.Qd3 Qc6 20.f4 Rf7 21.Rfb1 b6 22.a4 Qe6
23.Re1 g5 24.f5 Qh6 25.Rbb1 g4 26.Rf1 Be5 27.g3 Qc6 28.a5 bxa5 29.Qd2 a4
30.Qg5+ Kh8 31.f6 d3 32.Qxg4 a3 33.Ne7 Qa8 34.Qe6 Bd4+ 35.Kg2 Ref8 36.Nd5 a2
37.Rbd1 Qb8 38.Kh3 d2 39.Qa6 Qb2 40.Qa5 Bxf6 41.Nxf6 Rxf6 42.Rxf6 Qxf6 43.Qxa2 Qe6+  0-1

[Event "Primavara (Women)"]
[Site "Bucharest"]
[Date "1998.??.??"]
[Round "11"]
[White "Ionescu Brandis, Irina"]
[Black "Vasiesiu, Cristina"]
[Result "1-0"]
[WhiteElo "2330"]
[BlackElo "2225"]

1.e4 c5 2.Nf3 d6 3.Bb5+ Nd7 4.O-O Nf6 5.Re1 a6 6.Bf1 Ne5 7.h3 e6 8.c3 Be7
9.d4 Nxf3+ 10.Qxf3 e5 11.dxe5 dxe5 12.Qg3 Qc7 13.Nd2 Nh5 14.Qf3 g6 15.Nc4 O-O
16.g4 Nf4 17.Bxf4 exf4 18.e5 f5 19.exf6 Bxf6 20.Rad1 Kh8 21.Qd5 Rb8 22.Nd6 b5
23.Ne8 Qb6 24.Nxf6 Qxf6 25.Qxc5 Bb7 26.Rd6 Qf7 27.Rde6 Rbc8 28.Qe5+ Qg7 29.Qg5 Rc7
30.Bd3 Qf7 31.Qh4 Kg8 32.Re7 Rxe7 33.Rxe7  1-0

[Event "Primavara"]
[Site "Bucharest"]
[Date "1998.??.??"]
[Round "12"]
[White "Miroshnichenko, Evgenij"]
[Black "Iordachescu, Viorel"]
[Result "1/2-1/2"]
[WhiteElo "2455"]
[BlackElo "2520"]

1.e4 c5 2.Nf3 d6 3.Bb5+ Bd7 4.Bxd7+ Qxd7 5.O-O Nf6 6.e5 dxe5 7.Nxe5 Qc8 8.Nc3 Nc6
9.Nxc6 Qxc6 10.Qe2 e6 11.Qb5 Rc8 12.Qxc6+ Rxc6 13.d3  1/2-1/2

[Event "Primavara"]
[Site "Bucharest"]
[Date "1998.??.??"]
[Round "15"]
[White "Svetushkin, Dmitry"]
[Black "Vasiesiu, Dan"]
[Result "1-0"]
[WhiteElo "2415"]
[BlackElo "2420"]

1.e4 c5 2.Nf3 d6 3.Bb5+ Nd7 4.d4 Nf6 5.Nc3 cxd4 6.Qxd4 e5 7.Qd3 h6 8.h3 Be7
9.Be3 a6 10.Bxd7+ Bxd7 11.a4 b5 12.axb5 axb5 13.O-O O-O 14.Nxb5 Nxe4 15.Rxa8 Qxa8
16.Nc7 Qb7 17.Nd5 Bc6 18.Rd1 Bxd5 19.Qxd5 Qxd5 20.Rxd5 Rb8 21.b3 f5 22.Ra5 f4
23.Ba7 Rb7 24.Ne1 Nc3 25.Ra6 e4 26.Bb6 Bh4 27.Kf1 Nd5 28.Bd4 e3 29.Rxd6 Ne7
30.fxe3 Nf5 31.Re6 fxe3 32.Bxe3 Kf7 33.Re5 Ng3+ 34.Kf2 Kf6 35.Nf3 Nf5+ 36.Ke2 Bg3
37.Re4  1-0

[Event "Budapest Nyar op"]
[Site "Budapest"]
[Date "1998.??.??"]
[Round "3"]
[White "Vujosevic, Vladimir"]
[Black "Vajda, Szidonia"]
[Result "0-1"]
[WhiteElo "2370"]
[BlackElo "2270"]

1.e4 c5 2.Nf3 d6 3.Bb5+ Nd7 4.c3 Nf6 5.Qe2 a6 6.Ba4 e5 7.O-O Be7 8.d4 b5
9.Bc2 O-O 10.Rd1 Qc7 11.d5 Re8 12.Nbd2 Bf8 13.Nf1 g6 14.Ng3 Bg7 15.h3 Nb6
16.b3 c4 17.Be3 cxb3 18.axb3 Nfd7 19.Rdc1 Bb7 20.Nd2 Rec8 21.c4 bxc4 22.Nxc4 Nxc4
23.Bd3 Ndb6 24.bxc4 Nd7 25.c5 Nxc5 26.Bxc5 dxc5 27.Bxa6 Bxa6 28.Rxa6 Rxa6
29.Qxa6 c4 30.Ne2 Qc5 31.Nc3 Bf8 32.Na4 Qa3 33.Rxc4 Rb8 34.Qf6 Be7 35.Qf3 Rb3
36.Qd1 Qa2 37.Qc2 Qa1+ 38.Kh2 Rb1 39.Kg3 Bg5 40.h4 Bf4+ 41.Kf3 Rh1 42.g3 Qf1
43.Rc8+ Kg7 44.Qc4 Qd1+ 45.Kg2 Rg1+ 46.Kh2 Qe1 47.Qc5 Bxg3+  0-1

[Event "Budapest Nyar op"]
[Site "Budapest"]
[Date "1998.??.??"]
[Round "5"]
[White "Vujosevic, Vladimir"]
[Black "Bodrogi, Mihaly"]
[Result "1-0"]
[WhiteElo "2370"]
[BlackElo "2195"]

1.e4 c5 2.Nf3 d6 3.Bb5+ Bd7 4.Bxd7+ Nxd7 5.O-O g6 6.c3 Ngf6 7.Re1 Bg7 8.d4 e5
9.dxe5 dxe5 10.Bg5 Qc7 11.Bxf6 Nxf6 12.Na3 O-O 13.Nc4 Rfd8 14.Qb3 Nd7 15.a4 Nb6
16.Nfd2 Nxc4 17.Nxc4 Bh6 18.Rad1 Rxd1 19.Rxd1 Rd8 20.Rxd8+ Qxd8 21.Nxe5 Qc7
22.Qd5 Bf4 23.Ng4 Qe7 24.g3 Bc1 25.b3 h5 26.Ne5 Kg7 27.Nd3 Ba3 28.f4 a6 29.c4 Bb4
30.Kg2 b6 31.Qe5+ Qxe5 32.Nxe5 f6 33.Nd7 Ba5 34.Nb8 Kf7 35.Nxa6 Ke6 36.Nc7+ Kf7
37.Kf3 g5 38.h3 Ke7 39.fxg5 fxg5 40.e5 Kd7 41.Nd5 Ke6 42.Ke4 Be1 43.Nxb6 Bxg3
44.a5 Bxe5 45.a6 Bb8 46.Nc8 g4 47.hxg4 hxg4 48.a7 Bxa7 49.Nxa7 g3 50.Kf3 g2
51.Kxg2 Ke5 52.Kf3 Kd4 53.Kf4  1-0

[Event "Budapest FS09 IM-B"]
[Site "Budapest"]
[Date "1998.??.??"]
[Round "5"]
[White "Farago, Sandor"]
[Black "Gara, Anita"]
[Result "0-1"]
[WhiteElo "2335"]
[BlackElo "2290"]

1.e4 c5 2.Nf3 d6 3.Bb5+ Bd7 4.Bxd7+ Qxd7 5.O-O Nc6 6.Re1 Nf6 7.c3 e6 8.d4 cxd4
9.cxd4 d5 10.e5 Ne4 11.Nbd2 Nxd2 12.Bxd2 Be7 13.Qb3 O-O 14.Rac1 a5 15.a3 a4
16.Qd3 Rfc8 17.Ng5 g6 18.h4 Qd8 19.Rcd1 Rab8 20.Bf4 b5 21.Qg3 Qb6 22.Be3 Na5
23.h5 Nc4 24.Bc1 Bxg5 25.Qxg5 Qd8 26.Qg4 Qd7 27.Rd3 b4 28.axb4 Rxb4 29.Rf3 Nxe5
30.Rxe5 Rxc1+ 31.Kh2 Qc7 32.Rf4 Rxd4 33.hxg6 hxg6  0-1

[Event "Budapest FS06 IM"]
[Site "Budapest"]
[Date "1998.??.??"]
[Round "8"]
[White "Jamrich, Gyorgy"]
[Black "Gonzalez Garcia, Jose"]
[Result "1/2-1/2"]
[WhiteElo "2275"]
[BlackElo "2420"]

1.e4 c5 2.Nf3 d6 3.Bb5+ Bd7 4.Bxd7+ Qxd7 5.O-O Nf6 6.Re1 Nc6 7.c3 e6 8.d4 cxd4
9.cxd4 d5 10.exd5 Nxd5 11.Ne5 Nxe5 12.dxe5 Rc8 13.Qg4 h5 14.Qg3 Nb4 15.Na3 h4
16.Qg4 h3 17.Bg5 Nd5 18.Nc4 Bc5  1/2-1/2

[Event "ARG-ch sf"]
[Site "Buenos Aires"]
[Date "1998.??.??"]
[Round "6"]
[White "Madina, Martin"]
[Black "Quiroga, Facundo"]
[Result "0-1"]
[WhiteElo "2265"]
[BlackElo "2380"]

1.e4 c5 2.Nf3 d6 3.Bb5+ Bd7 4.a4 a6 5.Bxd7+ Nxd7 6.O-O Ngf6 7.Qe2 e6 8.c4 Be7
9.Nc3 O-O 10.d3 Nb8 11.Ne1 Nc6 12.Nc2 Nd4 13.Nxd4 cxd4 14.Nd1 Nd7 15.b4 d5
16.cxd5 exd5 17.Bd2 Rc8 18.Ra2 a5 19.Rb2 Re8 20.f3 axb4 21.Bxb4 Bc5 22.Bd2 b6
23.Nf2 dxe4 24.fxe4 Ra8 25.Qd1 Ne5 26.Bf4 Qd7 27.Bxe5 Rxe5 28.Rb5 h5 29.Nh3 Qg4
30.Qb3 Qe6 31.Qd1 Qa2 32.Nf4 Qxa4 33.Rb3 Rd8 34.Qb1 Rd6 35.Rb2 f5 36.Ra2 Qe8
37.Qb3+ Kh7 38.exf5 Rxf5 39.Re2 Re5 40.Rxe5 Qxe5 41.Qf7 Rf6 42.Qxh5+ Qxh5
43.Nxh5 Rxf1+ 44.Kxf1 Bd6 45.Ke2 Kg6 46.g4 b5 47.h4 Kf7 48.g5 Kg6 49.Nxg7 Kxg7  0-1

[Event "Cairo op"]
[Site "Cairo"]
[Date "1998.??.??"]
[Round "7"]
[White "Abo Nar, Mohamed"]
[Black "Sameeh, Hany"]
[Result "1-0"]
[WhiteElo "2210"]
[BlackElo "2255"]

1.e4 c5 2.Nf3 d6 3.Bb5+ Bd7 4.Bxd7+ Qxd7 5.O-O Nc6 6.c3 Nf6 7.Re1 e6 8.d4 cxd4
9.cxd4 d5 10.e5 Ne4 11.Nbd2 Bb4 12.Nxe4 dxe4 13.Rxe4 O-O-O 14.Bg5 Be7 15.Bxe7 Nxe7
16.Qb3 Kb8 17.Rd1 h6 18.Ne1 Rc8 19.h3 Rhd8 20.Nc2 Qc6 21.Re2 Nd5 22.Red2 Nf4
23.Ne1 g5 24.Qf3 Qa6 25.Kh2 Rc7 26.Nd3 Nxd3 27.Rxd3 Qxa2 28.Qf6 Rdc8 29.Qxh6 Qxb2
30.R3d2 Rc2 31.Qxg5 a6 32.d5 exd5 33.Rxd5 Rxf2 34.Rd8 Rxd8 35.Rxd8+ Ka7 36.Qe3+ b6
37.Rd7+ Kb8 38.Qe4  1-0

[Event "Cannes op"]
[Site "Cannes"]
[Date "1998.??.??"]
[Round "2"]
[White "Marciano, David"]
[Black "Janssen, Ruud"]
[Result "1-0"]
[WhiteElo "2485"]
[BlackElo "2290"]

1.e4 c5 2.Nf3 d6 3.Bb5+ Nc6 4.Bxc6+ bxc6 5.d3 e5 6.O-O g6 7.c3 Bg7 8.d4 cxd4
9.cxd4 exd4 10.Nxd4 Ne7 11.Bg5 Qb6 12.Nb3 Ba6 13.Re1 h6 14.Be3 c5 15.e5 Bxe5
16.Bxc5 Bxh2+ 17.Kxh2 dxc5 18.Nc3 Rd8 19.Qf3 c4 20.Kg1 Bb7 21.Qe2 O-O 22.Qxc4 Nf5
23.Ne4 Rc8 24.Nec5 Rc7 25.Rac1 Rfc8 26.Qf4 Bd5 27.Nd7 Rxc1 28.Rxc1 Rxc1+
29.Qxc1 Qc6 30.Nbc5 Bxg2 31.Qc3 Bh1 32.Nf6+ Kh8 33.Nfe4+ Ng7 34.Kxh1 f5 35.Qf6 Qa8
36.Qxg6 fxe4 37.Nxe4 Qd5 38.Kg1 Qd1+ 39.Kg2 Qd5 40.Qxh6+ Kg8 41.Qf4 Ne6 42.Qb8+ Kf7
43.Qxa7+ Kg6 44.Qe3 Kf5 45.f3 Nf4+ 46.Kf2  1-0

[Event "Cannes op"]
[Site "Cannes"]
[Date "1998.??.??"]
[Round "6"]
[White "Dorfman, Josif D"]
[Black "Palac, Mladen"]
[Result "1/2-1/2"]
[WhiteElo "2600"]
[BlackElo "2545"]

1.e4 c5 2.Nf3 d6 3.Bb5+ Bd7 4.Bxd7+ Qxd7 5.c4 Nf6 6.Nc3 Nc6 7.O-O Ne5 8.d3 Nxf3+
9.Qxf3 g6 10.Qd1 Bg7 11.d4 cxd4 12.Qxd4 O-O 13.Qd3 Rfc8 14.Bd2 a6 15.f3 Rab8  1/2-1/2

[Event "Cannes op"]
[Site "Cannes"]
[Date "1998.??.??"]
[Round "8"]
[White "Skripchenko, Almira"]
[Black "Pelletier, Yannick"]
[Result "1/2-1/2"]
[WhiteElo "2400"]
[BlackElo "2515"]

1.e4 c5 2.Nf3 d6 3.Bb5+ Bd7 4.Bxd7+ Nxd7 5.c4 Ngf6 6.Nc3 Ne5 7.d3 e6 8.O-O Be7
9.a3 Nfd7 10.Ne1 Nc6 11.f4 O-O 12.Rb1 Bf6 13.Nf3 a6 14.Be3 Rb8 15.g4 b5 16.cxb5 axb5
17.g5 Bd4 18.Bxd4 Nxd4 19.Nxd4 cxd4 20.Na2 e5 21.Qh5  1/2-1/2

[Event "Cappelle op"]
[Site "Cappelle la Grande"]
[Date "1998.??.??"]
[Round "1"]
[White "Glek, Igor V"]
[Black "Belichev, Nikolai"]
[Result "1-0"]
[WhiteElo "2565"]
[BlackElo "2370"]

1.e4 c5 2.Nf3 d6 3.Bb5+ Nd7 4.d4 Nf6 5.Nc3 a6 6.Bxd7+ Nxd7 7.O-O e6 8.Bg5 Qc7
9.d5 e5 10.a4 g6 11.Nd2 Bg7 12.Nc4 Nb6 13.Nxb6 Qxb6 14.a5 Qc7 15.Qd2 O-O
16.Na4 f5 17.Nb6 Rb8 18.f3 Bd7 19.c4 fxe4 20.fxe4 Rxf1+ 21.Rxf1 Rf8 22.Rxf8+ Bxf8
23.Qe3 Be8 24.Qh3 Bf7 25.Qc8 Qxc8 26.Nxc8 Be8 27.Be7 Bd7 28.Bxf8 Bxc8 29.Bxd6 Bd7
30.Kf2 Kf7 31.Bxe5 Ba4 32.Ke3 Ke7 33.Bb8 Bb3 34.Kd3 Ba2 35.e5 Bb1+ 36.Kc3 Bf5
37.Bd6+  1-0

[Event "Cappelle op"]
[Site "Cappelle la Grande"]
[Date "1998.??.??"]
[Round "3"]
[White "Hasangatin, Ramil"]
[Black "Istratescu, Andrei"]
[Result "1/2-1/2"]
[WhiteElo "2460"]
[BlackElo "2575"]

1.e4 c5 2.Nf3 d6 3.Bb5+ Bd7 4.Bxd7+ Qxd7 5.O-O Nf6 6.e5 dxe5 7.Nxe5 Qc8 8.d4 e6
9.Nc3 cxd4 10.Qxd4 Nc6 11.Qa4 Be7 12.Nxc6 Qxc6 13.Qxc6+ bxc6 14.Rd1 Nd5 15.Na4 O-O-O
16.Bd2 Nb6 17.Nxb6+ axb6 18.Be3 c5 19.a4 Kb7 20.Kf1  1/2-1/2

[Event "Cappelle op"]
[Site "Cappelle la Grande"]
[Date "1998.??.??"]
[Round "5"]
[White "Papaioannou, Ioannis"]
[Black "Gonzalez Garcia, Jose"]
[Result "1-0"]
[WhiteElo "2490"]
[BlackElo "2435"]

1.e4 c5 2.Nf3 d6 3.Bb5+ Bd7 4.Bxd7+ Qxd7 5.O-O Nc6 6.c3 Nf6 7.Qe2 e6 8.d4 cxd4
9.Bg5 Be7 10.cxd4 d5 11.e5 Ne4 12.Bxe7 Qxe7 13.Rc1 O-O 14.Nc3 Ng5 15.Nxg5 Qxg5
16.Qe3 Qe7 17.Ne2 Qb4 18.Rc2 Rac8 19.Rac1 Ne7 20.Kf1 Rxc2 21.Rxc2 Nc6 22.Qd3 Qb6
23.a3 Na5 24.Qc3 Nc4 25.Qb4 Qc6 26.Kg1 a5 27.Qc3 a4 28.Qb4 h6 29.h3 Ra8 30.Nf4 Qb6
31.Rxc4  1-0